000 00772nam a2200241 a 4500
001 BRCA_6438
005 20190321142930.0
008 220911s19uu----gw-a######---#000-0#ger-#
041 _ager
044 _agw
050 4 _b.M67 1920
100 1 _aMoses, Elisabeth
_916083
245 1 0 _aDer Schmuck der Sammlung W. Clemens
_cvon Elisabeth Moses.
260 _aColonia, Alemania
_bKunstgewerbe - Museum der Stadt Köln
_c[19--?]
300 _a68 p.
_bil.
_c24 cm.
500 _aCDE43
504 _aBibliografía: p. 65-66
600 1 4 _aClemens, W.
_vCatálogos
_xColecciones de arte
_zAlemania
_916084
650 1 4 _aJoyería
_vCatálogos
_zAlemania
_916085
710 2 _aMuseo de Arte y Oficios de la ciudad de Colonia (Alemania)
_916086
902 _aGFM
942 _2lcc
_cB
999 _c6122
_d6122